Statistiche per Elenca la formazione - Quiz n°99

Clicka qui per fare il quiz!

Statistiche generali

  • Questo quiz è stato fatto 39 volte
  • Il punteggio medio è 8 su 11

Statistiche sulle risposte

RuoloNazioneCalciatore% Corretto
PortiereItaliaGianluigi Donnarumma
97%
CentrocampistaCosta d'AvorioFranck Kessié
94%
DifensoreItaliaDavide Calabria
91%
DifensoreSvizzeraRicardo Rodríguez
82%
AttaccanteTurchiaHakan Çalhanoğlu
71%
AttaccanteSpagnaSuso
71%
DifensoreItaliaAlessio Romagnoli
65%
DifensoreItaliaLeonardo Bonucci
65%
AttaccanteItaliaPatrick Cutrone
62%
CentrocampistaItaliaGiacomo Bonaventura
47%
CentrocampistaItaliaManuel Locatelli
41%

Distribuzione punteggi

Percentile per numero di risposta

Percentuale di utenti per punteggio

I tuoi punteggi nel tempo

Non hai fatto questo quiz